[Event "COL-ch sf (Women)"]
[Site "Medellin"]
[Date "2010.06.11"]
[Round "7"]
[White "Echeverry Ramirez, Maria Yesenia"]
[Black "Granada, Angie"]
[Result "0-1"]
[WhiteElo "1855"]
[BlackElo "1923"]
[PlyCount "70"]
[EventDate "2010.06.07"]
[EventType "swiss"]
[EventRounds "9"]
[EventCountry "COL"]
[SourceTitle "CBM 136 Extra"]
[Source "ChessBase"]
[SourceDate "2010.07.02"]
[SourceVersion "2"]
[SourceVersionDate "2010.07.15"]
[SourceQuality "1"]

1. d4 Nf6 2. c4 g6 3. Nc3 Bg7 4. e4 d6 5. Nf3 0-0 6. Be2 e5 7. 0-0 Nc6 8. d5 Ne7 9. Ne1 Nd7 10. Nd3 f5 11. Bd2 Nf6 12. f3 f4 13. c5 g5 14. cxd6 cxd6 15. Nf2 h5 16. Qb3 Rf7 17. Rac1 Bf8 18. Rc2 Ng6 19. Rfc1 a6 20. h3 Nh4 21. a4 Bh6 22. a5 g4 23. hxg4 hxg4 24. Na4 gxf3 25. Bxf3 Nxf3+ 26. Qxf3 Bd7 27. Nb6 Rb8 28. Nxd7 Qxd7 29. Rc7 Qe8 30. Ng4 Bg5 31. Nxf6+ Rxf6 32. Qg4 Qg6 33. Rc8+ Rxc8 34. Rxc8+ Rf8 35. Rxf8+ Kxf8 0-1